000 00466nam a2200181Ia 4500
005 20250508163207.0
008 008 250505s9999 xx 000 0 eng d
037 _aTextual
040 _aFEDL
_beng
_cFEDL
041 _aeng
_2eng
084 _a371.76, MAN
_qFEDL
100 _aMangal S K Ed.
_9774879
245 0 _aHealth and physical education
260 _c1978
300 _a178p.
942 _cTEXL
_h371.76, MAN
999 _c1381426
_d1381426